|
|
|
|
| LEADER |
00000nam0a2200000 4500 |
| 001 |
362686 |
| 005 |
20231102011520.0 |
| 035 |
|
|
|a (RuTPU)RU\TPU\retro\20032
|
| 035 |
|
|
|a RU\TPU\retro\20031
|
| 090 |
|
|
|a 362686
|
| 100 |
|
|
|a 20210818d1978 k y0rusy50 ca
|
| 101 |
0 |
|
|a rus
|
| 102 |
|
|
|a RU
|
| 105 |
|
|
|a a z 001zy
|
| 200 |
1 |
|
|a Лазерное разрушение и рассеяние света в твердых прозрачных диэлектриках
|e [сборник научных трудов]
|f Академия наук СССР (АН СССР), Физический институт им. П. Н. Лебедева (ФИАН) ; гл. ред. Н. Г. Басов
|
| 210 |
|
|
|a Москва
|c Наука
|d 1978
|
| 215 |
|
|
|a 148 с.
|c ил.
|
| 225 |
1 |
|
|a Труды физического института им. П. Н. Лебедева (ФИАН)
|v Т. 101
|
| 320 |
|
|
|a Библиогр. в конце статей
|
| 606 |
1 |
|
|a Диэлектрики твердые
|2 stltpush
|3 (RuTPU)RU\TPU\subj\9792
|9 36962
|
| 610 |
1 |
|
|a исследования
|
| 610 |
1 |
|
|a лазерное разрушение
|
| 610 |
1 |
|
|a рассеяние света
|
| 610 |
1 |
|
|a нелинейные эффекты
|
| 610 |
1 |
|
|a кристаллы
|
| 610 |
1 |
|
|a лавинная ионизация
|
| 610 |
1 |
|
|a дефекты
|
| 610 |
1 |
|
|a лазерные материалы
|
| 610 |
1 |
|
|a рубины
|
| 610 |
1 |
|
|a оптические неоднородности
|
| 610 |
1 |
|
|a электромагнитное поле
|
| 675 |
|
|
|a 621.315.61
|v 4
|
| 702 |
|
1 |
|a Басов
|b Н. Г.
|c российский физик
|f 1922-2001
|g Николай Геннадьевич
|2 stltpush
|3 (RuTPU)RU\TPU\pers\17096
|4 651
|9 6236
|
| 712 |
0 |
2 |
|a Академия наук СССР (АН СССР)
|b Физический институт им. П. Н. Лебедева (ФИАН)
|c (Москва)
|2 stltpush
|3 (RuTPU)RU\TPU\col\13766
|4 570
|
| 801 |
|
1 |
|a RU
|b 63413507
|c 20090330
|g PSBO
|
| 801 |
|
2 |
|a RU
|b 63413507
|c 20210906
|g PSBO
|
| 942 |
|
|
|c BK
|